000 00952nam a22002897a 4500
001 BR8500770
003 BR-BrBNA
005 20230928092051.0
007 ta
008 230509b bl.||||| |||| 00| 0 por d
040 _aBR-BrBNA
_bpor
_cBiblioteca Nacional de Agricultura
041 _a(Por)
072 _aL70; L73
_b8830
_b4110
090 _ 8830 BR8500770
100 1 _aBenesi, F.J.
110 1 _aUniversidade de Sao Paulo, Sao Paulo (Brasil). Faculdade de Medicina Veterinaria e Zootecnia
_0Tese (Doutor)
245 1 _aCinetica da reacao tuberculinica no hamster e sua modulacao pela administracao oral do BCG [tuberculose, vacina]
260 3 _aSao Paulo, SP (Brasil):
_c1985.
300 _a86 p.
500 _a6 illus.; 14 tables; Bibliography p. 65-75 (62 ref.); Summaries (Eng, Por)
650 _aHAMSTER
650 _aTUBERCULOSE
650 _aVACINA
650 _aLESAO
909 _a202309
_bLucia
_c55
_dLucia Elande
942 _cBK
999 _c36982
_d36982